000 00618nam a22002057a 4500
005 20260324073712.0
008 260324b |||||||| |||| 00| 0 eng d
020 _a978-93-5014-575-3
082 _a604.2 Si579 2024
100 _aSikka, V.B.
_9434
245 _aA textbook of basic drawing for architects and civil engineers /
_cV.B. Sikka
250 _a1st ed.
260 _aNew Delhi, IN:
_bS.K. Kataria,
_c2024
300 _ax, 363p.:
_bill.
500 _aOriginally published: S.K. Kataria, 2015
504 _aIncludes index
541 _e7980 c.1
650 _aMechanical drawing
_9365
650 _aDrawing
_9435
999 _c2574
_d2574